L'Essència de Sant Pere de Torelló : retalls i fets de la seva història / Agustí Dalmau i Font retalls i fets de la seva història / Agustí Dalmau i Font
ISBN:
84-606-2082-4
Descripción Física:
245 p. : il., 1 plànol pleg. ; 24 cm
Colección:
L'Essència de Sant Pere de Torelló ; 1
Materias:
Sant Pere de Torelló -- Història
MARC
| LEADER | 00000nam a2200000Ia 4500 | ||
|---|---|---|---|
| 001 | 12403 | ||
| 008 | 160829s1994 xx 000 0 cat d | ||
| 020 | |a 84-606-2082-4 | ||
| 080 | |a H-1-112 | ||
| 100 | |a Dalmau i Font, Agustí |9 24120 | ||
| 245 | |a L'Essència de Sant Pere de Torelló : |b retalls i fets de la seva història / Agustí Dalmau i Font | ||
| 260 | |a Sant Pere de Torelló : |b Ajuntament, |c 1994 | ||
| 300 | |a 245 p. : |b il., 1 plànol pleg. ; |c 24 cm | ||
| 490 | |a L'Essència de Sant Pere de Torelló ; 1 | ||
| 590 | |a Bibliografia | ||
| 650 | |a Sant Pere de Torelló |x Història |9 24121 | ||
| 710 | 1 | |a Sant Pere de Torelló (Catalunya). |b Ajuntament |9 53238 | |
| 901 | |a Arxiu | ||
| 942 | |n 1 | ||
| 952 | |0 0 |1 0 |4 0 |6 H1112 |7 1 |9 42985 |a Arxiu |b Arxiu |d 2016-12-01 |l 0 |o H-1-112 |p 12403 |r 2016-12-01 00:00:00 |w 2016-12-01 |y ARXIU | ||
| 999 | |c 45528 |d 45528 | ||